Catàleg del Col·legi de Periodistes de Catalunya

Els lloms transparents (Registre núm. 1146)

000 -CABECERA
Longitud fija campo de control 00427nam a2200169 a 4500
001 - NÚMERO DE CONTROL
Número de control 1146
003 - IDENTIFICADOR DEL NÚMERO DE CONTROL
Identificador del número de control CDMR
005 - FECHA Y HORA DE LA ÚLTIMA TRANSACCIÓN
Fecha y hora de la última transacción 20130320111203.0
008 - CÓDIGOS DE INFORMACIÓN DE LONGITUD FIJA
Códigos de información de longitud fija 130130s1969||||||||||||||||||||||||||||d
040 ## - FUENTE DE LA CATALOGACIÓN
Centro catalogador de origen CDMR
Lengua de catalogación cat
Centro transcriptor CDMR
100 1# - PUNTO DE ACCESO PRINCIPAL-NOMBRE DE PERSONA
9 (RLIN) 899
Nombre de persona Foix, J.V.
Fechas asociadas al nombre 1893-1987
245 14 - MENCIÓN DE TÍTULO
Título Els lloms transparents
Mención de responsabilidad, etc. J.V. Foix
260 ## - PUBLICACIÓN, DISTRIBUCIÓN, ETC. (PIE DE IMPRENTA)
Lugar de publicación, distribución, etc. Barcelona
Fecha de publicación, distribución, etc. 1969
Nombre del editor, distribuidor, etc. Edicions 62
300 ## - DESCRIPCIÓN FÍSICA
Extensión 166 p ;
Dimensiones 19 cm
490 0# - MENCIÓN DE SERIE
Mención de serie Cara i creu
Designación de volumen o secuencia 13
942 ## - ENTRADA DE ELEMENTOS AGREGADOS (KOHA)
Koha [por defecto] tipo de item Monografies
Fuente de clasificaión o esquema
Fons
Suprimido Perdido Estropeado No para préstamo Localización permanente Localización actual Fecha adquisición Signatura completa Código de barras Fecha última consulta Fecha del precio de reemplazo Tipo de item de Koha
        Centre de Documentació Montserrat Roig Centre de Documentació Montserrat Roig 2013-01-16 Du 5/24 CDMR13108149 2013-01-16 2013-01-16 Monografies

Implantat amb Koha